Evaluación de proyectos
Guardat en:
| Autor principal: | |
|---|---|
| Format: | Llibre |
| Idioma: | espanyol |
| Publicat: |
Ciudad de México
McGraw-Hill Interamericana
2010
|
| Edició: | 6a. ed |
| Col·lecció: | Educación
|
| Matèries: | |
| Etiquetes: |
Afegir etiqueta
Sense etiquetes, Sigues el primer a etiquetar aquest registre!
|
MARC
| LEADER | 00000cam a2200000 a 4500 | ||
|---|---|---|---|
| 001 | UCG8231 | ||
| 003 | CL-VaPUC | ||
| 008 | 111202e20100000MX |||||||||||||||||spa|d | ||
| 020 | |a 9786071502605 | ||
| 082 | 0 | 4 | |a 658.404 |b BAC |2 21 |
| 100 | 0 | |a Baca Urbina, Gabriel |e author |9 559152 | |
| 245 | 1 | 0 | |a Evaluación de proyectos |
| 250 | |a 6a. ed | ||
| 300 | |a 318 p | ||
| 942 | |c BK | ||
| 945 | |d 20111202 00:00:00 |a cmena | ||
| 260 | |a Ciudad de México |b McGraw-Hill Interamericana |c 2010 | ||
| 650 | 7 | |a EVALUACION ECONOMICA |2 CL-VaPUC |9 306196 | |
| 650 | 0 | |a Gestión de proyectos |9 260970 | |
| 650 | 0 | |a Planificación estratégica |9 259735 | |
| 650 | 0 | |a Toma de decisiones |9 257530 | |
| 650 | 7 | |a EVALUACION DE MERCADOS |2 CL-VaPUC |9 559153 | |
| 583 | |a last modification |c 20111202 14:14:00 |k Rodrigo Vera | ||
| 490 | 0 | |a Educación | |
| 999 | |c 345851 |d 345849 | ||
| 952 | |0 0 |1 0 |4 0 |6 658_404000000000000_BAC_2010 |7 0 |8 R |9 446202 |a BIBGIM |b BIBGIM |d 2019-11-22 |i 4805771 |o 658.404 BAC 2010 |p 4805771 |r 2025-01-15 |w 2019-11-22 |y BK_R |k COM | ||
| 952 | |0 0 |1 0 |3 erb |4 0 |6 658_404000000000000_BAC_2010 |7 0 |8 A |9 446203 |a BIBING |b BIBING |i 5135869 |l 1 |m 3 |o 658.404 BAC 2010 |p 5135869 |r 2025-01-20 |s 2022-03-01 |w 2019-11-22 |y BK |z Catalogado en:20150115 |k EII | ||